| 000 | 00688cam a2200217 4500 | ||
|---|---|---|---|
| 001 | WB3602-24 | ||
| 008 | 000000n2000 000 0 eng u | ||
| 035 | _a(Sirsi) u103583 | ||
| 245 | _aInvestment vehicles | ||
| 260 | _c2000 | ||
| 490 |
_aEstates Gazette _v(0001) 8 January 2000, 19(1) |
||
| 520 | _aThe Limited Liability partnerships Bill could create a new tax-transparent vehicle for property investment similar to REITs. | ||
| 590 | _aWB | ||
| 650 | _aPROPERTY INVESTMENT | ||
| 650 | _aREITS | ||
| 650 | _aPROPERTY INVESTMENT VEHICLES | ||
| 650 | _aLIMITED LIABILITY PARTNERSHIPS | ||
| 650 | _aTAX TRANSPARENT INVESTMENT VEHICLES | ||
| 690 | _aINVESTMENT | ||
| 942 | _n0 | ||
| 999 |
_c62220 _d62220 |
||